Heterogenous Impacts of Macroprudential Policies: Financial Advisors, Regulatory Caps, and Mortgage Risk

Gespeichert in:
Bibliographische Detailangaben
1. Verfasser: Cesnak, Martin, 1994-
Weitere Verfasser: Cupak, Andrej, 1988-, Fessler, Pirmin, Klacso, Ján
Format: Buchkapitel
Sprache:Englisch
Tags: Tag hinzufügen
Keine Tags, Fügen Sie das erste Tag hinzu!

MARC

LEADER 00000naa a2200000 4500
001 0311757
005 20250731091837.5
041 0 |a eng 
044 |a SK 
245 1 0 |a Heterogenous Impacts of Macroprudential Policies: Financial Advisors, Regulatory Caps, and Mortgage Risk  |c Martin Cesnak, Andrej Cupak, Pirmin Fessler, Ján Klacso 
100 1 |a Cesnak, Martin, 1994- 
700 1 |a Cupak, Andrej, 1988- 
700 1 |a Fessler, Pirmin 
700 1 |a Klacso, Ján